| 000 | 01268cam a2200373 a 4500 | ||
|---|---|---|---|
| 999 |
_c5359 _d5359 |
||
| 001 | ocn754390036 | ||
| 003 | TZ-ArACH | ||
| 005 | 20201214130638.0 | ||
| 008 | 110809s2010 tz b 000 0 eng | ||
| 010 | _a 2011349420 | ||
| 020 | _a9987482163 | ||
| 020 | _a9789987482160 | ||
| 035 | _a(OCoLC)754390036 | ||
| 040 |
_aDLC _beng _cTZ-ArACH |
||
| 042 | _alcode | ||
| 043 | _af-tz--- | ||
| 049 | _aTZAA | ||
| 050 | 0 | 0 |
_aKTT54 _b.M35 2010 |
| 100 | 1 | _aMashamba, Clement J. | |
| 245 | 1 | 0 |
_aIntroduction to family law in Tanzania / _cJ. Clement Mashamba. |
| 260 |
_a[Dar es Salaam] : _bInstitute of Public Policy and Law in collaboration with the National Organisation for Legal Assistance, _c2010. |
||
| 300 |
_axviii, 245 pages ; _c25 cm |
||
| 504 | _aIncludes bibliographical references (pages 240-245). | ||
| 650 | 0 |
_aMarriage law _zTanzania. |
|
| 650 | 0 |
_aParent and child (Law) _zTanzania. |
|
| 650 | 0 |
_aDivorce _xLaw and legislation _zTanzania. |
|
| 650 | 7 |
_aDivorce _xLaw and legislation. _2fast |
|
| 650 | 7 |
_aMarriage law. _2fast |
|
| 650 | 7 |
_aParent and child (Law) _2fast |
|
| 651 | 7 |
_aTanzania. _2fast |
|
| 710 | 2 | _aInstitute of Public Policy and Law. | |
| 710 | 2 | _aNational Organization for Legal Assistance (Tanzania) | |
| 942 |
_2lcc _cBOOK |
||